World soil resources reports N.80 Soil survey: Perspectives and strategies for the 21st century
Guardado en:
| Autor principal: | |
|---|---|
| Formato: | Libro |
| Lenguaje: | Undetermined |
| Publicado: |
Rome
FAO
1995
|
| Materias: | |
| Etiquetas: |
Agregar Etiqueta
Sin Etiquetas, Sea el primero en etiquetar este registro!
|
| Thư viện lưu trữ: | Trung tâm Học liệu Trường Đại học Cần Thơ |
|---|
| LEADER | 00536nam a2200193Ia 4500 | ||
|---|---|---|---|
| 001 | CTU_16941 | ||
| 008 | 210402s9999 xx 000 0 und d | ||
| 082 | |a 631 | ||
| 082 | |b W927/N80 | ||
| 100 | |a FAO | ||
| 245 | 0 | |a World soil resources reports N.80 | |
| 245 | 0 | |b Soil survey: Perspectives and strategies for the 21st century | |
| 245 | 0 | |c FAO | |
| 260 | |a Rome | ||
| 260 | |b FAO | ||
| 260 | |c 1995 | ||
| 650 | |a soil maps | ||
| 904 | |i Nguyễn Quang Điền, 970611 | ||
| 980 | |a Trung tâm Học liệu Trường Đại học Cần Thơ | ||